[Event "TCh-CAT Div Hon"]
[Site "Barcelona ESP"]
[Date "2011.03.05"]
[Round "6.1"]
[White "Quesada Perez,Yu"]
[Black "Narciso Dublan,M"]
[Result "1-0"]
[WhiteElo "2620"]
[BlackElo "2551"]

1.e4 d6 2.d4 Nf6 3.Nc3 e5 4.Nf3 Nbd7 5.Bc4 Be7 6.O-O O-O 7.a4 c6 8.Re1 a5
9.h3 Nb6 10.Bb3 Nfd7 11.Be3 exd4 12.Bxd4 Nc5 13.Bxc5 dxc5 14.Qe2 Qd6 15.Qe3 Qg6
16.Ne2 Qh6 17.Qxh6 gxh6 18.c3 Be6 19.Bc2 Rad8 20.Nf4 Bc8 21.Re2 Bg5 22.Nd3 c4
23.Nde5 Rfe8 24.Rae1 Kf8 25.Kf1 Bf6 26.Ng4 Bg7 27.Ne3 Be6 28.Rd2 Rxd2 29.Nxd2 Rd8
30.Ke2 Be5 31.g3 Bd6 32.f4 f6 33.Nf3 Bc5 34.Ng4 Kg7 35.f5 Bf7 36.e5 Nd5 37.e6 Bh5
38.Rd1 Bd6 39.Nf2 Bc5 40.Be4 Rd6 41.Ng4 Nb6 42.Ra1 Rd8 43.Nd2 Bd6 44.Nf1 Bc7
45.Kf2 Be8 46.Nge3 c5 47.Bxb7 Rb8 48.Be4 Nxa4 49.Nxc4 Nxb2 50.Nxa5 Nd1+ 51.Rxd1 Bxa5
52.c4 Bc3 53.Rb1 Rxb1 54.Bxb1 Kf8 55.Be4 Ke7 56.Kf3 Kd6 57.Ne3 Ba4 58.Bc2 Bc6+
59.Be4 Ba4 60.Ke2 h5 61.Bf3 Be8 62.Bb7 Bd4 63.Nd5 h4 64.gxh4 Bh5+ 65.Kd3 Be8
66.Ba6 Ke5 67.Bb5 Bh5 68.e7 Kxf5 69.e8=Q Bxe8 70.Bxe8 Bf2 71.h5 Kg5 72.Ke4 f5+
73.Kf3 Bd4 74.Nf4  1-0

[Event "TCh-CAT Div Hon"]
[Site "Barcelona ESP"]
[Date "2011.03.05"]
[Round "6"]
[White "Lopez Martinez,Josep"]
[Black "Baron Isanta,J"]
[Result "1/2-1/2"]
[WhiteElo "2528"]
[BlackElo "2363"]

1.d4 d6 2.e4 Nf6 3.Nc3 c6 4.f4 Qa5 5.Bd3 e5 6.Nf3 Nbd7 7.O-O Be7 8.Kh1 O-O
9.Qd2 Qc7 10.b3 Re8 11.Bb2 Bf8 12.Rae1 exd4 13.Nxd4 Nc5 14.b4 Nxd3 15.cxd3 Qb6
16.Nc2 d5 17.e5 Nd7 18.a3 a5 19.b5 a4 20.d4 Qa5 21.Qd3 Nb6 22.Ne3 Rd8 23.f5 cxb5
24.Qxb5  1/2-1/2

[Event "TCh-CZE 2010-11"]
[Site "Czech Rep CZE"]
[Date "2011.03.05"]
[Round "8.6"]
[White "Kuchynka,Luk"]
[Black "Spacek,P"]
[Result "1/2-1/2"]
[WhiteElo "2287"]
[BlackElo "2408"]

1.e4 d6 2.d4 Nf6 3.Nc3 e5 4.Nf3 Nbd7 5.Bc4 Be7 6.O-O O-O 7.Re1 c6 8.a4 a5
9.h3 exd4 10.Nxd4 Nc5 11.b3 Be6 12.e5 dxe5  1/2-1/2

[Event "TCh-AUT 2010-11"]
[Site "St Veit/Glan AUT"]
[Date "2011.03.05"]
[Round "10"]
[White "Lanka,Z"]
[Black "Varga,Zo"]
[Result "1/2-1/2"]
[WhiteElo "2468"]
[BlackElo "2435"]

1.e4 d6 2.d4 Nf6 3.Nc3 e5 4.Nf3 Nbd7 5.Bc4 Be7 6.O-O O-O 7.Re1 a6 8.a4 b6
9.b3 Bb7 10.Bb2 c6 11.Bd3 b5 12.Ne2 Qc7 13.Ng3 g6 14.c3 Rfe8 15.a5 Bf8 16.b4 Rad8
17.Qb1 d5 18.dxe5 Nxe5 19.Nxe5 Rxe5 20.f4 Rxe4 21.Bxe4 Nxe4 22.Nxe4 dxe4
23.Qxe4 c5 24.Qe3 Qd7 25.Re2 Qd5 26.h3 Bc6 27.Kh2 Qc4 28.Rae1 h5 29.f5 Rd3
30.Qg5  1/2-1/2

[Event "TCh-AUT 2010-11"]
[Site "St Veit/Glan AUT"]
[Date "2011.03.06"]
[Round "11"]
[White "Balogh,C"]
[Black "Pavasovic,D"]
[Result "1-0"]
[WhiteElo "2604"]
[BlackElo "2562"]

1.e4 d6 2.d4 Nf6 3.Nc3 e5 4.Nf3 Nbd7 5.Bc4 Be7 6.O-O O-O 7.a4 c6 8.Re1 h6
9.h3 Re8 10.Ba2 Qc7 11.Be3 Nf8 12.a5 Bd7 13.d5 b5 14.axb6 axb6 15.Qd3 Reb8
16.dxc6 Bxc6 17.Nh4 Ne6 18.Nf5 Bf8 19.b4 Nf4 20.Bxf4 exf4 21.Nd4 Bb7 22.Nd5 Bxd5
23.Bxd5 Rxa1 24.Rxa1 Nxd5 25.exd5 Re8 26.Nc6 Qd7 27.Kf1 g6 28.Ra7 Qc8 29.c4 h5
30.b5 h4 31.Ra6 Qc7 32.Qd4 f3 33.gxf3  1-0

[Event "43rd WGM"]
[Site "Belgrade SRB"]
[Date "2011.03.11"]
[Round "6.4"]
[White "Benderac,A"]
[Black "Dragomirescu,An"]
[Result "1/2-1/2"]
[WhiteElo "2305"]
[BlackElo "2169"]

1.e4 d6 2.d4 Nf6 3.Nc3 e5 4.dxe5 dxe5 5.Qxd8+ Kxd8 6.Bc4 Ke8 7.f4 Nbd7 8.Nf3 Bd6
9.O-O c6 10.a4 Ng4 11.h3 Bc5+ 12.Kh1 Ne3 13.Bxe3 Bxe3 14.fxe5 Nb6 15.Bb3 Be6
16.Rae1 Bh6 17.Nd4 Bxb3 18.cxb3 g6 19.e6 fxe6 20.Nxe6 Ke7 21.Nc5 Rab8 22.Rf3 Rhf8
23.Rd1 Rxf3 24.gxf3 Be3 25.Nd3 a5 26.Kg2 Rf8 27.Ne5 Ke6 28.Ng4 Bc5 29.Ne2 Nd7
30.f4 h5 31.f5+ Ke7 32.Nf4 hxg4 33.Nxg6+ Ke8 34.Nxf8 gxh3+ 35.Kxh3 Bxf8 36.Kg4 Bg7
37.Kg5 Bxb2 38.Rh1 Nc5 39.Kg6 Nd7 40.Rb1 Bc3 41.Rc1 Bd4 42.Rd1 c5 43.Rh1 Be5
44.Rh6 Bd4 45.Rh1 Be5 46.Kg5 Nf6 47.Kg6 Nd7 48.Rh3 Bb2 49.Kg5 Bf6+ 50.Kf4 Be5+
51.Kg5 Nf6  1/2-1/2

[Event "TCh-FIN 2010-11"]
[Site "Helsinki FIN"]
[Date "2011.03.12"]
[Round "8.3"]
[White "Luukkonen,T"]
[Black "Seeman,T"]
[Result "1-0"]
[WhiteElo "2298"]
[BlackElo "2420"]

1.e4 d6 2.d4 Nf6 3.Nc3 e5 4.Nf3 Nbd7 5.Bc4 Be7 6.O-O O-O 7.Re1 a6 8.a4 b6
9.Nd5 Bb7 10.c3 Nxd5 11.Bxd5 Bxd5 12.exd5 Bf6 13.Be3 Re8 14.Nd2 Bg5 15.Qf3 Bxe3
16.fxe3 Qg5 17.Ne4 Qg6 18.Ng3 e4 19.Qf4 Nf6 20.c4 Nh5 21.Nxh5 Qxh5 22.a5 b5
23.b3 h6 24.Rf1 Rab8 25.g4 Qg5 26.Qxf7+ Kh7 27.Qf5+ Qxf5 28.Rxf5 bxc4 29.bxc4 Rb4
30.Rc1 Re7 31.c5 Ra4 32.cxd6 cxd6 33.Rc6 Ra3 34.Rxa6 Rxe3 35.Rxd6 Ra3 36.Re6 Rb7
37.a6 Rb1+ 38.Rf1 Rb5 39.Rf5 Rb1+ 40.Kg2 Rb2+ 41.Rf2 Rb5 42.Rd6 Rb4 43.Rd2 e3
44.Re2 Rxd4 45.Kf3 h5 46.h3 Raa4 47.gxh5 Rh4 48.Kg3 Rhe4 49.h6 g6 50.Rc6 Kxh6
51.d6 Re5 52.h4 Ree4 53.h5 Kxh5 54.Rc5+ Kh6 55.Rd5 Rg4+ 56.Kf3 Rgf4+ 57.Kxe3 Rf8  1-0

[Event "TCh-SWE Elitserien 2010-11"]
[Site "Sweden SWE"]
[Date "2011.03.12"]
[Round "10"]
[White "Smeets,J"]
[Black "Johansson,Ja SWE"]
[Result "1-0"]
[WhiteElo "2669"]
[BlackElo "2424"]

1.e4 d6 2.d4 Nf6 3.Nc3 e5 4.Nf3 Nbd7 5.Bc4 Be7 6.O-O O-O 7.a4 c6 8.Re1 b6
9.Ba2 a6 10.h3 Rb8 11.Be3 b5 12.axb5 axb5 13.b4 Bb7 14.Qd3 h6 15.Bb3 exd4
16.Nxd4 Ne5 17.Qe2 Re8 18.f4 Ned7 19.Nf5 d5 20.Nxe7+ Qxe7 21.e5 Qxb4 22.Na2 Qf8
23.exf6 d4 24.Qd2 c5 25.c3 Nxf6 26.cxd4 Ne4 27.Qb2 c4 28.Bc2 Nf6 29.Qb4 Nd5
30.Qxf8+ Kxf8 31.Bd2 Rxe1+ 32.Rxe1 Ra8 33.Nc3 Ne7 34.Rb1 Ba6 35.d5  1-0

[Event "TCh-SWE Elitserien 2010-11"]
[Site "Sweden SWE"]
[Date "2011.03.12"]
[Round "10"]
[White "Smeets,J"]
[Black "Johansson,Ja SWE"]
[Result "1-0"]
[WhiteElo "2669"]
[BlackElo "2424"]

1.e4 d6 2.d4 Nf6 3.Nc3 e5 4.Nf3 Nbd7 5.Bc4 Be7 6.O-O O-O 7.a4 c6 8.Re1 b6
9.Ba2 a6 10.h3 Rb8 11.Be3 b5 12.axb5 axb5 13.b4 Bb7 14.Qd3 h6 15.Bb3 exd4
16.Nxd4 Ne5 17.Qe2 Re8 18.f4 Ned7 19.Nf5 d5 20.Nxe7+ Qxe7 21.e5 Qxb4 22.Na2 Qf8
23.exf6 d4 24.Qd2 c5 25.c3 Nxf6 26.cxd4 Ne4 27.Qb2 c4 28.Bc2 Nf6 29.Qb4 Nd5
30.Qxf8+ Kxf8 31.Bd2 Rxe1+ 32.Rxe1 Ra8 33.Nc3 Nc7 34.Rb1 Ba6 35.d5  1-0

[Event "TCh-FIN 2010-11"]
[Site "Helsinki FIN"]
[Date "2011.03.13"]
[Round "9.2"]
[White "Ebeling,M"]
[Black "Sklyarov,D"]
[Result "0-1"]
[WhiteElo "2250"]
[BlackElo "2402"]

1.e4 d6 2.d4 Nf6 3.Nc3 e5 4.dxe5 dxe5 5.Qxd8+ Kxd8 6.Bg5 Be6 7.f4 exf4 8.Nf3 h6
9.Bxf4 Nbd7 10.O-O-O g5 11.Bg3 Nh5 12.Bf2 Bg7 13.Nd4 Be5 14.g3 Nhf6 15.Be2 c6
16.Rhf1 Kc7 17.Bg1 Bh3 18.Rfe1 Rhe8 19.Bd3 Re7 20.Nf5 Bxf5 21.exf5 Rae8 22.Kb1 Bxc3
23.Rxe7 Rxe7 24.bxc3 Nd5 25.Kb2 Ne3 26.Rd2 Nc5 27.f6 Re6 28.Bxe3 Rxe3 29.Bc4 Na4+
30.Kb3 Rxc3+ 31.Kxa4 Rxc4+ 32.Kb3 Re4 33.c4 Re3+ 34.Ka4 b6 35.Rd4 Rf3 36.h4 Rxg3
37.hxg5 hxg5 38.Re4 Kd6 39.Re7 Kc5 40.Re5+ Kxc4 41.Re7 Rf3 42.Rxf7 Kc5  0-1

[Event "Elitzur Winter IM"]
[Site "Petach Tikva ISR"]
[Date "2011.03.13"]
[Round "8"]
[White "Porat,Dan"]
[Black "Nedobora,M"]
[Result "0-1"]
[WhiteElo "2168"]
[BlackElo "2388"]

1.e4 d6 2.d4 Nf6 3.Nc3 e5 4.Nf3 Nbd7 5.Bc4 Be7 6.O-O O-O 7.Re1 c6 8.a4 b6
9.Ba2 a6 10.Nh4 Nxe4 11.Nxe4 Bxh4 12.Qh5 d5 13.Ng5 Bxg5 14.Bxg5 f6 15.Bd2 Bb7
16.Re3 Rf7 17.c3 Qf8 18.Rae1 Qd6 19.Rg3 g6 20.Qh6 Qf8 21.Qh4 Re8 22.Bh6 exd4
23.Rf1 Qd6 24.cxd4 Re4 25.Rg4 Rxg4 26.Qxg4 Re7 27.Bb1 c5 28.Bxg6 hxg6 29.Qxg6+ Kh8
30.Qh5 Qe6  0-1

[Event "TCh-SVK Extraliga 2010-11"]
[Site "Slovakia SVK"]
[Date "2011.03.13"]
[Round "8.4"]
[White "Hrabusa,M"]
[Black "Priehoda,V"]
[Result "1-0"]
[WhiteElo "2332"]
[BlackElo "2398"]

1.e4 d6 2.d4 Nf6 3.Nc3 e5 4.Nf3 Nbd7 5.g4 Nxg4 6.Rg1 Ngf6 7.Be3 c6 8.Qd3 Qa5
9.O-O-O h6 10.dxe5 dxe5 11.Bh3 g5 12.Bf5 Be7 13.h4 g4 14.Nh2 h5 15.f3 Nc5
16.Qe2 Bxf5 17.exf5 Na4 18.Nxa4 Qxa4 19.Kb1 Nd5 20.f6 Bxf6 21.Bg5 Bg7 22.c4 f6
23.Bc1 Ne7 24.fxg4 Kf7 25.gxh5 Rhd8 26.Rdf1 Qa5 27.Nf3 f5 28.Ng5+ Kf6 29.h6 Bh8
30.Qh5 Rf8 31.Rd1 Qc7 32.Ne4+ Ke6 33.Nc5+  1-0

[Event "TCh-SWE Elitserien 2010-11"]
[Site "Sweden SWE"]
[Date "2011.03.13"]
[Round "11"]
[White "Svensk,I"]
[Black "Carlhammar,M"]
[Result "0-1"]
[WhiteElo "2254"]
[BlackElo "2316"]

1.d4 d6 2.e4 Nf6 3.Nc3 e5 4.Nf3 Nbd7 5.Bc4 Be7 6.Bb3 O-O 7.g4 Nxg4 8.Rg1 exd4
9.Nxd4 Nde5 10.h3 Nf6 11.f4 Nc6 12.Be3 Nxd4 13.Bxd4 c5 14.Be3 b5 15.e5 c4
16.exf6 Bxf6 17.Qf3 Bh4+ 18.Kf1 cxb3 19.axb3 Bf5 20.Nd5 g6 21.Rg2 Re8 22.Rd2 Be4
23.Qe2 Qd7 24.Kg1 Qxh3  0-1

[Event "SPICE Spring Invitational"]
[Site "Lubbock USA"]
[Date "2011.03.14"]
[Round "6"]
[White "Aleskerov,F"]
[Black "Altounian,L"]
[Result "1-0"]
[WhiteElo "2322"]
[BlackElo "2432"]

1.e4 d6 2.d4 Nf6 3.Nc3 c6 4.f4 Qa5 5.e5 Ne4 6.Bd2 Nxd2 7.Qxd2 d5 8.Bd3 e6
9.Nf3 c5 10.dxc5 Bxc5 11.f5 Nc6 12.Kf1 exf5 13.Qg5 O-O 14.Nxd5 h6 15.Qf4 Be6
16.Nf6+ Kh8 17.a3 Qb6 18.Re1 Qxb2 19.g4 Rad8 20.Bxf5 Nd4 21.Bd3 Nxf3 22.Qxf3 Rd4
23.Ne4 Rxd3 24.cxd3 Qxe5 25.Kg2 Bxa3 26.d4 Qa5 27.Ra1 Bd5 28.Rxa3 Qb4 29.Re3 Re8
30.Rhe1 Qxd4 31.Kg3 a5 32.Qf4 Qb2 33.g5 Re6 34.h4 a4 35.Nf2 Rg6 36.Qe5 Qa2
37.Qb8+ Kh7 38.Re8 Rc6 39.h5 Rc3+ 40.R1e3 Rxe3+ 41.Rxe3 hxg5 42.Re8 g6 43.Rh8+ Kg7
44.Qe5+ f6 45.h6+ Kxh8 46.Qxf6+  1-0

[Event "MP Reykjavik Open"]
[Site "Reykjavik ISL"]
[Date "2011.03.14"]
[Round "7.9"]
[White "Grover,S"]
[Black "Baklan,V"]
[Result "0-1"]
[WhiteElo "2495"]
[BlackElo "2602"]

1.e4 d6 2.d4 Nf6 3.Nc3 e5 4.Nf3 Nbd7 5.Bc4 Be7 6.O-O Nb6 7.Be2 exd4 8.Nxd4 O-O
9.a4 a5 10.Re1 Re8 11.Bf4 c6 12.Bf1 Bf8 13.h3 Nbd7 14.Bc4 Nc5 15.e5 dxe5
16.Rxe5 Rxe5 17.Bxe5 Nfd7 18.Nf3 Qe7 19.Bd4 Ne6 20.Qd2 Nxd4 21.Qxd4 Nc5 22.Re1 Be6
23.Ne4 Bxc4 24.Qxc4 Nxe4 25.Rxe4 Qb4 26.Ne5 Qxc4 27.Nxc4 f6 28.Kf1 Kf7 29.Ke2 b5
30.Nd2 f5 31.Rd4 Ke6 32.Nb3 g5 33.Rd1 bxa4 34.Nd4+ Kf6 35.Ra1 a3 36.bxa3 c5
37.Nb5 c4 38.Rd1 Re8+ 39.Kf1 a4 40.Rd4 Rc8 41.Nd6 Ke5 42.Rxc4 Rb8 43.Nc8 Kd5
44.Rc7 Bxa3 45.c4+ Kd4 46.Na7 Rb1+ 47.Ke2 Rb2+ 48.Kf3 Bc5  0-1

[Event "ch-Southern FR Men"]
[Site "Armavir RUS"]
[Date "2011.03.15"]
[Round "4"]
[White "Demchenko,A"]
[Black "Rjabzev,K"]
[Result "1-0"]
[WhiteElo "2556"]
[BlackElo "2290"]

1.e4 d6 2.d4 Nf6 3.Nc3 e5 4.Nge2 Nc6 5.d5 Ne7 6.g3 c6 7.Bg2 cxd5 8.Nxd5 Nfxd5
9.exd5 g6 10.O-O Bg7 11.a4 O-O 12.a5 Bf5 13.Nc3 Rc8 14.Be3 a6 15.Ra4 Bd7
16.Rb4 Nf5 17.Bb6 Qe7 18.Re1 Rfe8 19.Ne4 Qf8 20.c3 h5 21.f3 Nh6 22.Be3 Rc7
23.Rb6 Nf5 24.Bf2 Bc8 25.Qa4 Rd8 26.Qb4 Rcd7 27.Bh3 Qe7 28.c4 Bf8 29.c5 f6
30.Bxf5 gxf5 31.Nxd6 Qh7 32.Nxc8 Rxc8 33.d6 Qf7 34.Re3 f4 35.Rb3 Qe6 36.Rxb7 Rxb7
37.Qxb7 fxg3 38.hxg3 h4 39.Rb4  1-0

[Event "ch-PriFO A"]
[Site "Tolyatti RUS"]
[Date "2011.03.17"]
[Round "8.22"]
[White "Tukhvatullin,V"]
[Black "Talipov,N"]
[Result "1/2-1/2"]
[WhiteElo "2310"]
[BlackElo "2105"]

1.e4 d6 2.d4 Nf6 3.Nc3 e5 4.dxe5 dxe5 5.Qxd8+ Kxd8 6.Nf3 Bd6 7.Bg5 c6 8.O-O-O Ke7
9.Nh4 Rd8 10.Nf5+ Bxf5 11.exf5 Nd7 12.Bc4 Nb6 13.Bb3 Kf8 14.Rhe1 Rd7 15.Bxf6 gxf6
16.Ne4 Be7 17.Rxd7 Nxd7 18.Rd1 Nb6 19.a4 a5 20.c3 Rc8 21.g4 h6 22.h4 Kg7
23.Kc2 Rc7 24.f3 Rd7 25.Rxd7 Nxd7 26.Kd3 Nc5+ 27.Nxc5 Bxc5 28.Kc4 Bf2 29.Bc2 Kf8
30.b4 axb4 31.cxb4 Ke7 32.h5 Kd6 33.Bb3 Be1 34.b5 c5 35.b6 Kc6 36.Kd3 Bh4
37.Bxf7 Kxb6 38.Kc4 Ka5 39.Be8 b6 40.Bb5 Bg5  1/2-1/2

[Event "e2e4 Uxbridge Open"]
[Site "Denham ENG"]
[Date "2011.03.19"]
[Round "2"]
[White "Murphy,Conor E"]
[Black "Purton,B"]
[Result "1-0"]
[WhiteElo "1905"]
[BlackElo "2147"]

1.e4 d6 2.d4 Nf6 3.Nc3 c6 4.f4 Qa5 5.Bd3 e5 6.Nf3 Bg4 7.Be3 Qb6 8.fxe5 dxe5
9.Qd2 exd4 10.Nxd4 Qa5 11.Nb3 Qc7 12.O-O Nbd7 13.h3 Bh5 14.Bd4 Ne5 15.Qg5 Nxd3
16.cxd3 Bg6 17.Bxf6 gxf6 18.Qxf6 Rg8 19.Qf4 Qd7 20.d4 Be7 21.d5 Bh5 22.Qf5 Qxf5
23.exf5 O-O-O 24.g4 f6 25.Rfe1 Bb4 26.dxc6 Rd3 27.cxb7+ Kxb7 28.a3 Rxh3 29.axb4 Rxg4+
30.Kf2 Rh2+ 31.Ke3 Rh3+ 32.Kd2 Rg2+ 33.Kc1 Rhh2 34.Nc5+ Kc8 35.Rxa7 Rxb2
36.Ra8+ Kc7 37.Re7+ Kd6 38.Re6+  1-0

[Event "e2e4 Uxbridge Open"]
[Site "Denham ENG"]
[Date "2011.03.19"]
[Round "2"]
[White "White,D"]
[Black "Shepley,J"]
[Result "1/2-1/2"]
[WhiteElo "1954"]
[BlackElo "2043"]

1.e4 d6 2.d4 Nf6 3.Nc3 e5 4.dxe5 dxe5 5.Qxd8+ Kxd8 6.Bg5 Be6 7.Nf3 Nd7 8.Rd1 h6
9.Bh4 Kc8 10.a3 a6 11.Be2 Bd6 12.O-O Rg8 13.Nd2 g5 14.Bg3 b5 15.b4 Be7 16.Nf3 Bd6
17.Nd2 Nf8 18.Nb3 Ng6 19.Rd2 h5 20.f3 Nf4 21.Rfd1 Nd7 22.Bf2 g4 23.Kh1 Be7
24.Bf1 gxf3 25.gxf3 Nb6 26.Nc5 Bxc5 27.Bxc5 Nc4 28.Bxc4 Bxc4 29.Be3 Ne6 30.Nd5 Kb7
31.Nf6 Rg6 32.Nd7 f6 33.Nc5+ Nxc5 34.bxc5 Kc6 35.Rg1 Rxg1+ 36.Kxg1 a5 37.Kf2 b4
38.axb4 Be6  1/2-1/2

[Event "e2e4 Uxbridge Open"]
[Site "Denham ENG"]
[Date "2011.03.20"]
[Round "4"]
[White "Murphy,Conor E"]
[Black "Shepley,J"]
[Result "1-0"]
[WhiteElo "1905"]
[BlackElo "2043"]

1.e4 d6 2.d4 Nf6 3.Nc3 e5 4.Nf3 Nbd7 5.Bc4 Be7 6.O-O c6 7.a4 Qc7 8.a5 h6
9.h3 Nf8 10.Be3 Rg8 11.d5 cxd5 12.Bxd5 Nxd5 13.Nxd5 Qc6 14.b4 Bd8 15.Qd3 g5
16.b5 Qd7 17.Nh2 f5 18.f3 h5 19.Qc4 Rg7 20.g4 f4 21.Bf2 hxg4 22.Nxg4 Qf7
23.Kg2 Ng6 24.Rh1 Nh4+ 25.Bxh4 gxh4 26.Qb4 Rg6 27.Ra3 Be6 28.Rd3 Rc8 29.c4 Rc5
30.Rhd1 Bxd5 31.Rxd5 Qc7 32.Rxc5 dxc5 33.Qc3 Be7 34.Rd5 Bd6 35.Qe1 Rxg4+
36.hxg4 Be7 37.Kh3 Kf7 38.Qa1 Ke6 39.Qd1 Bf6 40.Rd2 Bg5 41.Qf1  1-0

[Event "Kiev Spring 2011"]
[Site "Kiev UKR"]
[Date "2011.03.20"]
[Round "2.4"]
[White "Osmak,Iulija"]
[Black "Ianov,V"]
[Result "0-1"]
[WhiteElo "2030"]
[BlackElo "2306"]

1.e4 d6 2.d4 Nf6 3.Nc3 e5 4.dxe5 dxe5 5.Qxd8+ Kxd8 6.Bc4 Ke8 7.Nf3 Bd6 8.Bg5 c6
9.O-O-O Bc7 10.Bxf6 gxf6 11.a4 Rg8 12.Rhg1 Nd7 13.b4 a5 14.b5 Nc5 15.Nd2 Bb6
16.g3 Ke7 17.Rge1 Ne6 18.f3 Bd7 19.Nb3 h5 20.Rd3 h4 21.Red1 Be8 22.Bxe6 fxe6
23.g4 Rc8 24.Kb1 cxb5 25.Nxb5 Bxb5 26.axb5 Rgd8 27.Rxd8 Bxd8 28.Nd2 a4 29.Kb2 Ba5
30.Nb1 Rc5 31.Na3 Bc3+ 32.Ka2 Bb4 33.h3 b6 34.Rb1 Bc3 35.Rd1 Bd4 36.c4 Bc3
37.Rc1 Bd2 38.Rc2 Bb4 39.Kb2 Rc8 40.Nb1 Ra8 41.Nc3 a3+ 42.Ka2 Kd6 43.Nd1 Kc5
44.Ne3 Kd4 45.Ng2 Kd3 46.Kb3 Bc5 47.Nxh4 Rh8 48.Ng6 Rh6  0-1

[Event "Angora Int 2011"]
[Site "Ankara TUR"]
[Date "2011.03.21"]
[Round "1"]
[White "Emiroglu,C"]
[Black "Klinova,M"]
[Result "0-1"]
[WhiteElo "2181"]
[BlackElo "2295"]

1.e4 d6 2.d4 Nf6 3.Nc3 e5 4.Nf3 Nbd7 5.Bc4 Be7 6.O-O O-O 7.Re1 c6 8.a4 b6
9.d5 Bb7 10.b3 cxd5 11.Nxd5 Rc8 12.Re2 Nc5 13.Nxf6+ Bxf6 14.Bd5 Bxd5 15.Qxd5 Ne6
16.Be3 Rc3 17.Rd1 Qc8 18.Rdd2 Rd8 19.Qb5 Qc7 20.h3 h6 21.Kf1 Rc8 22.Kg1 Be7
23.a5 bxa5 24.Nxe5 Rxe3 25.Rxe3 dxe5 26.Rd7 Qc5 27.Qb7 Bf6 28.Rxf7 Nd8 29.Rxg7+ Bxg7
30.Qd7 Qc7 31.Qd5+ Qf7 32.Qxa5 Ne6 33.Rf3 Qd7 34.Rd3 Qe7 35.c4 Nd4 36.Kh2 Rf8
37.Qd5+ Kh8 38.c5 Rxf2 39.Rg3 Rc2 40.b4 Qf8  0-1

[Event "Kiev Spring 2011"]
[Site "Kiev UKR"]
[Date "2011.03.21"]
[Round "4.5"]
[White "Kazakovskiy,Valeriy"]
[Black "Ianov,V"]
[Result "0-1"]
[WhiteElo "1794"]
[BlackElo "2306"]

1.e4 d6 2.d4 Nf6 3.Nc3 Nbd7 4.Nf3 e5 5.Bc4 Be7 6.O-O O-O 7.Bg5 c6 8.dxe5 dxe5
9.a4 a5 10.Qe2 h6 11.Bh4 Nh5 12.Bg3 Nxg3 13.hxg3 Qb6 14.Bb3 Qc5 15.Rfd1 Re8
16.Ne1 Bf8 17.Rd2 Nf6 18.Nd3 Qa7 19.Kh1 b6 20.f4 Ba6 21.Qf3 Bd6 22.f5 Qe7
23.Nf2 Bb4 24.Ng4 Rad8 25.Rad1 Rxd2 26.Rxd2 Bc8 27.Nxf6+ Qxf6 28.Qh5 Kf8
29.Rf2 Rd8 30.Rf3 Ba6 31.Na2 Be2 32.c3 Bc5 33.Nc1 Bxf3 34.gxf3 Ke7 35.f4 g6
36.fxg6 fxg6 37.Qxe5+ Qxe5 38.fxe5 Rd2  0-1

[Event "12th ch-EUR"]
[Site "Aix-les-Bains FRA"]
[Date "2011.03.22"]
[Round "1.130"]
[White "De Seroux,C"]
[Black "Pridorozhni,A"]
[Result "0-1"]
[WhiteElo "2055"]
[BlackElo "2542"]

1.e4 d6 2.d4 Nf6 3.Nc3 e5 4.Nf3 Nbd7 5.Bc4 Be7 6.O-O O-O 7.Re1 c6 8.a4 b6
9.b3 a6 10.d5 Bb7 11.dxc6 Bxc6 12.Ba3 Qc7 13.Qd3 Bb7 14.Rad1 Nc5 15.Bxc5 Qxc5
16.Nd5 Nxd5 17.Bxd5 Bxd5 18.Qxd5 Rfc8 19.c4 Rab8 20.Rd3 Qb4 21.Rde3 b5 22.axb5 axb5
23.Nd2 Bg5 24.Rd3 Bxd2 25.Rxd2 bxc4 26.bxc4 Rxc4 27.Kf1 Rd8 28.Ra2 g6 29.Ra7 Rdc8
30.Rb7 Qa4 31.Qxd6 Rxe4 32.Rxe4 Qxe4 33.Rb8 Rxb8 34.Qxb8+ Kg7 35.Qb5 Qf4
36.g3 Qe4 37.Kg1 h5 38.h4 Kf6 39.Qe8 Qd5 40.Qh8+ Kf5 41.Qh6 Kg4 42.Qc1 Qd3
43.Kh2 Kf3 44.Kg1 f5 45.Qe1 e4 46.Kh2 Qe2 47.Qc3+ Kxf2  0-1

[Event "12th ch-EUR"]
[Site "Aix-les-Bains FRA"]
[Date "2011.03.22"]
[Round "1"]
[White "Zawadzka,J"]
[Black "Kobalia,M"]
[Result "0-1"]
[WhiteElo "2386"]
[BlackElo "2672"]

1.e4 d6 2.d4 Nf6 3.Nc3 e5 4.Nf3 Nbd7 5.Bc4 Be7 6.O-O O-O 7.Re1 c6 8.a4 exd4
9.Qxd4 Qc7 10.a5 Ne5 11.Nxe5 dxe5 12.Qe3 Bb4 13.a6 b5 14.Bb3 Re8 15.Bd2 Bf8
16.Red1 Nd7 17.Ne2 Nc5 18.Ba5 Qb8 19.Bb4 Nxb3 20.Qxb3 Be6 21.Qa3 Bxb4 22.Qxb4 Qb6
23.Rd6 Rad8 24.Nc3 h6 25.Nd5 Qb8 26.Rxc6 Bxd5 27.exd5 Rxd5 28.Re1 Red8 29.h3 Rd1
30.Rxd1 Rxd1+ 31.Kh2 e4+ 32.g3 Qe5 33.Rc8+ Kh7 34.Rc5 Qe6 35.Qc3 Qxa6 36.Qe3 Qb7
37.Qe2 Rc1 38.Qxb5 Qxb5 39.Rxb5 Rxc2 40.Kg1 Kg6 41.Ra5 Rc7 42.Re5 f5 43.g4 fxg4
44.hxg4 Rc4 45.Kg2 Rb4 46.b3 e3 47.Rxe3 Rxg4+ 48.Kf3 Rb4 49.Kg3 a5 50.Rc3 Rb5
51.f3 Kf5 52.Rc7 g5 53.Rc4 h5 54.Ra4 Ke5 55.Kf2 Kd5 56.Kg3 Kc6 57.Rc4+ Rc5
58.Re4 Kb5 59.Kf2 Rf5 60.Ke3 h4 61.Rg4 h3 62.Kf2 h2 63.Kg2 Rxf3 64.Kxh2 Rxb3
65.Kg2 a4  0-1

[Event "12th ch-EUR"]
[Site "Aix-les-Bains FRA"]
[Date "2011.03.23"]
[Round "2"]
[White "Fargere,Fr"]
[Black "Salgado Lopez,I"]
[Result "1/2-1/2"]
[WhiteElo "2520"]
[BlackElo "2630"]

1.e4 d6 2.d4 Nf6 3.Nc3 e5 4.Nf3 Nbd7 5.Bc4 Be7 6.O-O O-O 7.Re1 c6 8.a4 exd4
9.Nxd4 Ne5 10.Ba2 Re8 11.h3 Bd7 12.Bf4 Qa5 13.Qd2 Qb4 14.Nd5 Nxd5 15.exd5 Qxd2
16.Bxd2 h5 17.Bc3 c5 18.Nb5 Bxb5 19.axb5 Nd7 20.Bc4 Kf8 21.Ra2 Bf6 22.Rxe8+ Kxe8
23.Bd2 Kd8 24.Be2 h4 25.b3 Kc7 26.Kf1 Nb6 27.c4 Nd7 28.Ba5+ b6 29.Bd2 Kb7
30.Bf4 Ne5  1/2-1/2

[Event "12th ch-EUR"]
[Site "Aix-les-Bains FRA"]
[Date "2011.03.23"]
[Round "2.83"]
[White "Jones,G"]
[Black "Chapman,T"]
[Result "1-0"]
[WhiteElo "2578"]
[BlackElo "2242"]

1.e4 d6 2.d4 Nf6 3.Nc3 e5 4.Nf3 Nbd7 5.Bc4 Be7 6.O-O O-O 7.Re1 c6 8.a4 b6
9.h3 a6 10.Be2 Rb8 11.Be3 b5 12.axb5 axb5 13.b4 Qc7 14.Bd3 exd4 15.Nxd4 d5
16.exd5 Bxb4 17.Bd2 Bxc3 18.Bxc3 cxd5 19.Ba5 Nb6 20.Bb4 Re8 21.Nf5 Qd7 22.Rxe8+ Nxe8
23.Nd4 Nf6 24.Qe1 Ra8 25.Rxa8 Nxa8 26.Be7 Ne4 27.Qb4 Qb7 28.Qa5 Nb6 29.Ba3 h6
30.f3 Nf6 31.Bd6 Nbd7 32.Qc3 Nb6 33.Nc6 Be6 34.Ne7+ Kh8 35.Bc5 Nbd7 36.Bd4 Qb8
37.Ba7 Qd6 38.Nc6 Qg3 39.Kf1 Qf4 40.Nd8 Nh5 41.Qe1 Ng3+ 42.Kg1 Qe5 43.Be3 Nf8  1-0

[Event "Angora Int 2011"]
[Site "Ankara TUR"]
[Date "2011.03.23"]
[Round "5"]
[White "Dastan,B"]
[Black "Klinova,M"]
[Result "1/2-1/2"]
[WhiteElo "2169"]
[BlackElo "2295"]

1.e4 d6 2.d4 Nf6 3.Nc3 e5 4.Nf3 Nbd7 5.Bc4 Be7 6.O-O O-O 7.Re1 c6 8.a4 b6
9.d5 Bb7 10.dxc6 Bxc6 11.Bg5 a6 12.Bxf6 Nxf6 13.Qe2 Qc8 14.Rad1 Qb7 15.b3 g6
16.Nd5 Nxd5 17.Bxd5 b5 18.axb5 axb5 19.c4 bxc4 20.bxc4 Bxd5 21.cxd5 Ra4  1/2-1/2

[Event "Kiev Spring 2011"]
[Site "Kiev UKR"]
[Date "2011.03.23"]
[Round "6.5"]
[White "Skliarov,V"]
[Black "Ianov,V"]
[Result "0-1"]
[WhiteElo "2187"]
[BlackElo "2306"]

1.e4 d6 2.d4 Nf6 3.Nc3 e5 4.Nf3 Nbd7 5.Bc4 Be7 6.Ng5 O-O 7.Bxf7+ Rxf7 8.Ne6 Qe8
9.Nxc7 Qd8 10.Nxa8 b5 11.dxe5 dxe5 12.Nd5 Nxd5 13.Qxd5 Nf6 14.Qxd8+ Bxd8
15.f3 Bb7 16.Be3 Bxa8 17.O-O-O Ba5 18.b4 Bxb4 19.Rd8+ Rf8 20.Rxf8+ Kxf8 21.Bxa7 Ba3+
22.Kb1 Bc6 23.Rd1 Ke7 24.Rd3 Bd6 25.Rc3 Kd7 26.Bc5 Bxc5 27.Rxc5 Kd6 28.Rc3 Nd7
29.Rd3+ Kc7 30.Kc1 Nc5 31.Rc3 Kb6 32.Kd2 g5 33.Re3 Be8 34.h4 gxh4 35.Re1 h3
36.gxh3 Kc6 37.Rg1 Bg6 38.Ke3 Ne6 39.c3 Nf4 40.h4 Kc5 41.Ra1 Be8 42.Rd1 h5
43.Rd8 Bf7 44.Rc8+ Kd6 45.Rb8 Bc4 46.Kf2 Kc7 47.Ra8 Kb7 48.Ra5 Nd3+ 49.Ke3 Nc5
50.f4 exf4+ 51.Kxf4 Na4 52.Ke5 Nxc3 53.Kd4 Nxa2 54.Kc5 Nc1 55.Kb4 Nd3+ 56.Kc3 Nc5
57.e5 Ne6 58.Kd2 Kc6 59.Ra8 Kd5 60.Rh8 Nf4 61.Re8 Ke4 62.Kc3 Kf5 63.Kd4 Ne6+
64.Ke3 Kxe5 65.Rh8 Ng7  0-1

[Event "5th Agzamov Mem"]
[Site "Tashkent UZB"]
[Date "2011.03.23"]
[Round "6"]
[White "Alekseev,Evgeny"]
[Black "Mchedlishvili,M"]
[Result "1/2-1/2"]
[WhiteElo "2688"]
[BlackElo "2629"]

1.e4 d6 2.d4 Nf6 3.Nc3 e5 4.Nf3 Nbd7 5.Bc4 Be7 6.O-O O-O 7.a4 c6 8.Re1 b6
9.d5 cxd5 10.Nxd5 Bb7 11.b3 Rc8 12.Re2 Nc5 13.Nxf6+ Bxf6 14.Bd5 Qd7 15.Ba3 Bxd5
16.Qxd5 Rfd8 17.Re3 Ne6 18.c4 Bg5 19.Ree1 Nf4 20.Qd1 Qg4 21.g3 Ne6 22.Nxg5 Qxg5
23.Bc1 Qg6 24.Be3 Nc5 25.a5 bxa5 26.Rxa5 Nxe4 27.Bxa7 h5 28.Qd3 f5 29.b4 Qe6
30.Rc1 d5  1/2-1/2

[Event "12th ch-EUR"]
[Site "Aix-les-Bains FRA"]
[Date "2011.03.24"]
[Round "3"]
[White "Kovchan,A"]
[Black "Beliavsky,A"]
[Result "1-0"]
[WhiteElo "2563"]
[BlackElo "2619"]

1.e4 d6 2.d4 Nf6 3.Nc3 e5 4.Nf3 Nbd7 5.Bc4 Be7 6.O-O O-O 7.Re1 c6 8.a4 a5
9.h3 exd4 10.Nxd4 Nc5 11.Bf4 Be6 12.Nxe6 fxe6 13.e5 Nfd7 14.exd6 Rxf4 15.dxe7 Qxe7
16.Qe2 Raf8 17.f3 R8f6 18.b3 Nb6 19.Bd3 Nd5 20.Ne4 Nxe4 21.Bxe4 Qc5+ 22.Qf2 Qxf2+
23.Kxf2 Rf8 24.Bd3 R4f6 25.Re5 h6 26.c4 Nb4 27.Rd1 Ra8 28.Be4 Kf8 29.Rd7 Rf7
30.Rd6 Rf6 31.Rexe6 Rxe6 32.Rxe6 Kf7 33.Re5 Kf6 34.Rh5 Ra7 35.g4 b6 36.h4 Rd7
37.g5+ hxg5 38.hxg5+ Kf7 39.g6+ Kf6 40.Rf5+ Ke6 41.Rf8 Kd6 42.Rc8 Rc7 43.Ra8 Na2
44.Bc2 Re7 45.f4 Nc1 46.Rd8+ Kc5 47.f5 Kb4 48.Rd1 Re2+ 49.Kf1 Rxc2 50.f6 Ne2
51.fxg7 Ng3+ 52.Kg1 Ne2+ 53.Kf2 Nc3+ 54.Kf3 Nxd1 55.g8=Q Rf2+ 56.Kg3 Rf1
57.g7 Nc3 58.Qf8+ Rxf8 59.gxf8=Q+ Kxb3 60.Qf3 c5 61.Qc6 Kxc4 62.Qxb6 Nxa4
63.Qxa5 Nc3 64.Kf3 Kd4 65.Qd8+ Nd5 66.Qh8+ Kd3 67.Qe5  1-0